Florecillas del Glorioso Señor San Francisco

שמור ב:
מידע ביבליוגרפי
מחבר ראשי: San Francisco de Asis
פורמט: ספר
שפה:Undetermined
יצא לאור: Buenos Aires, Argentina Mundo Moderno 1953
נושאים:
תגים: הוספת תג
אין תגיות, היה/י הראשונ/ה לתייג את הרשומה!

MARC

LEADER 00000nam a2200000Ia 4500
008 170316s9999 xx 000 0 und d
090 |a 230 S-5f 
100 |a San Francisco de Asis 
245 |a Florecillas del Glorioso Señor San Francisco 
260 |a Buenos Aires, Argentina 
260 |b Mundo Moderno 
260 |c 1953 
300 |a 376 páginas 
650 |a TEOLOGÍA 
999 |c 18084  |d 18084 
040 |a cru BVZT 
942 |c 15 D  |h 230 S-5f  |2 z